000 00511nmm a2200169Ia 4500
008 251105s9999||||xx |||||||||||||||||und||
020 _a9788481698053
041 _aspa
100 _aTragan , Pius Ramon
245 0 _aLos evangelios apócrifos :
_b Origen - carácter - valor
264 _a[Madrid, España] :
_bEditorial Verbo Divino,
_c2008
300 _a316 páginas
490 _aEl mundo de la Biblia
650 _aReligion(s)
856 _uhttps://public.digitaliapublishing.com/a/1159
942 _cCF
999 _c85987
_d85987